Представление документа в формате MARC21

Поле Инд. ПП Название Значение
Тип записи a
Библиографический уровень m
001 _ Контрольный номер RU\infra-m\znanium\bibl\1838408
005 _ Дата корректировки 20250915104056.1
008 Кодируемые данные 221213s2022 RU g rus u
020 a ISBN 978-5-16-003957-2
020 a ISBN 978-5-16-110609-9
040 a Служба первич. каталог. Общество с ограниченной ответственностью «ЗНАНИУМ»
041 a Код языка текста rus
044 a Код страны публикации RU
080 a Индекс УДК 330(075.8)
084 2 Источник индекса rubbk
a Индекс другой классификации/Индекс ББК 65.01я73
084 2 Источник индекса okso
a Индекс другой классификации/Индекс ББК 00.03.13
084 2 Источник индекса okso
a Индекс другой классификации/Индекс ББК 00.05.13
100 1_ a Автор Басовский Леонид Ефимович
q Полное имя Леонид Ефимович
245 a Заглавие Экономическая теория
b Продолж. заглавия Учебное пособие
c Ответственность Тульский государственный педагогический университет им. Л.Н. Толстого
250 a Основные сведения об издании 1
260 a Место издания Москва
b Издательство ООО "Научно-издательский центр ИНФРА-М"
c Дата издания 2022
300 a Объем 375 с.
440 a Серия Высшее образование
520 a Аннотация В кратком изложении и доступной форме с использованием ярких примеров и соответствующего иллюстративного материала рассмотрены фундаментальные вопросы современной экономической теории (принятие экономических решений методология экономической науки специализация и выгоды торговли и т.д.).
521 a Примеч. о целев. назн. ВО - Бакалавриат
650 a Основная рубрика Экономика. Бухгалтерский учет. Финансы
x Основная подрубрика Общая экономическая теория
700 1_ a Другие авторы Басовская Елена Николаевна
q Полное имя Елена Николаевна
852 x Примечание, не предназначенное для пользователя znanium2023
856 4_ a Имя сервера/домена znanium.com
m Помощь ebs_support@infra-m.ru
n Местонахождение сервера НИЦ ИНФРА-М
u URL https://znanium.com/catalog/document?id=400301
z Примечание для пользователя Участвует в КО
856 41 a Имя сервера/домена znanium.com
d Путь /cover/1838
f Электронное имя 1838408.jpg
q Тип электронного формата image/jpeg
u URL https://znanium.com/cover/1838/1838408.jpg